Cases and materials on marine insurance law / (Record no. 27580)

000 -LEADER
fixed length control field 01714cam a2200361Ii 4500
001 - CONTROL NUMBER
control field 9781843142324
003 - CONTROL NUMBER IDENTIFIER
control field OSt
005 - DATE AND TIME OF LATEST TRANSACTION
control field 20240802194054.0
006 - FIXED-LENGTH DATA ELEMENTS--ADDITIONAL MATERIAL CHARACTERISTICS
fixed length control field a|||||o|||| 00| 0
008 - FIXED-LENGTH DATA ELEMENTS--GENERAL INFORMATION
fixed length control field 180706s1999 enk ob 001 0 eng d
020 ## - INTERNATIONAL STANDARD BOOK NUMBER
International Standard Book Number 9781843142324
Qualifying information (e-book : PDF)
International Standard Book Number 9781135346898
Qualifying information (e-book: Mobi)
International Standard Book Number 9781135346935
Qualifying information (e-book: ePub)
International Standard Book Number 9781135346942
Qualifying information (e-book: PDF)
Canceled/invalid ISBN 9781138129764
Qualifying information (hardback)
Canceled/invalid ISBN 9781859414385
Qualifying information (paperback)
024 7# - OTHER STANDARD IDENTIFIER
Standard number or code 10.4324/9781843142324
Source of number or code doi
035 ## - SYSTEM CONTROL NUMBER
System control number (OCoLC)810924686
040 ## - CATALOGING SOURCE
Transcribing agency imu-kc
043 ## - GEOGRAPHIC AREA CODE
Geographic area code e-uk---
050 #4 - LIBRARY OF CONGRESS CALL NUMBER
Classification number KD1845
Item number .H63 1999
082 04 - DEWEY DECIMAL CLASSIFICATION NUMBER
Classification number 346.4108622
Item number H689
100 1# - MAIN ENTRY--PERSONAL NAME
Personal name Hodges, Susan,
Titles and words associated with a name LLB.,
Relator term author.
245 10 - TITLE STATEMENT
Title Cases and materials on marine insurance law /
Statement of responsibility, etc. Susan Hodges ; with the assistance of Roy Carlile.
264 #1 - PRODUCTION, PUBLICATION, DISTRIBUTION, MANUFACTURE, AND COPYRIGHT NOTICE
Place of production, publication, distribution, manufacture London :
Name of producer, publisher, distributor, manufacturer Cavendish Pub.,
Date of production, publication, distribution, manufacture, or copyright notice 1999.
300 ## - PHYSICAL DESCRIPTION
Extent 1 online resource (xlix, 962 pages)
505 0# - FORMATTED CONTENTS NOTE
Formatted contents note 1. Contract of indemnity -- 2. Insurable interest -- 3. Subject matter insured -- 4. Time and voyage policies -- 5. Valued and unvalued policies -- 6. Utmost good faith, disclosure and representations -- 7. Warranties -- 8. The cause of loss -- 9. Marine risks -- 10. Excluded losses -- 11. Burden and standard of proof -- 12. The Inchmaree clause -- 13. The 3/4ths collision liability clause -- 14. Ware and strikes risks -- 15. Actual total loss -- 16. Constructive total loss -- 17. Partial loss : 1 -- 18. Partial loss : 2.
650 #0 - SUBJECT ADDED ENTRY--TOPICAL TERM
Topical term or geographic name entry element Marine insurance
Geographic subdivision Great Britain.
700 1# - ADDED ENTRY--PERSONAL NAME
Personal name Carlile, Roy.
776 08 - ADDITIONAL PHYSICAL FORM ENTRY
Relationship information Print version:
International Standard Book Number 9781138129764
856 40 - ELECTRONIC LOCATION AND ACCESS
Uniform Resource Identifier <a href="https://www.taylorfrancis.com/books/9781135346942">https://www.taylorfrancis.com/books/9781135346942</a>
Public note Click here to view.
942 ## - ADDED ENTRY ELEMENTS (KOHA)
Source of classification or shelving scheme
Koha item type E-Book

No items available.

Designed and Maintained by IMU-KC Library, Kolkata Campus © Copyright All Rights Reserved

webs counters

Powered by Koha